000 00723nam a2200205Ia 4500
001 13737
003 GE_BSU
008 181216s||||||||xx |||||||||||||| ||und||
040 _cGE_BSU
080 _a821.353.1-32
100 _aლორთქიფანიძე,ნიკო
245 _aთხზულებათა სრული კრებული 4 ტომად.მოთხრობები ტ.2
260 _aთბილისი
260 _bსაბჭოთა საქართველო
260 _c1959
300 _a648გვ.21სმ.
300 _cბიბლიოგრ.გვ.646
653 _aთხზულებათა სრული კრებული
942 _cBK
999 _c46884
_d46884